| 000 | 00662nam a2200229 4500 | ||
|---|---|---|---|
| 003 | OSt | ||
| 005 | 20240718072548.0 | ||
| 006 | a | ||
| 008 | 240718b |||||||| |||| 00| 0 eng d | ||
| 020 | _a1412900166 | ||
| 040 |
_aDWCL-Main lib. _cOC |
||
| 082 | _aCirc. 372.1102 K29u 2005 | ||
| 100 | _aKelly, Peter | ||
| 245 | _aUsing thinking skills in the primary classroom / | ||
| 260 |
_aLondon: _bPeter Chapman Pub., _cc2005. |
||
| 300 |
_aix, _b98 p. ; _c30 cm. |
||
| 504 | _aIncludes index. | ||
| 650 | _a1. Elementary school teaching. | ||
| 650 | _a2. Educational psychology. | ||
| 650 | _a3. Cognition in children. | ||
| 942 |
_2ddc _n0 _cBK-CIRC _kCirc. |
||
| 999 |
_c2383 _d2383 |
||